Covid-19: consecuencias y desafo̕s en la economa̕ colombiana Una mirada desde las universidades /

Bibliographic Details
Main Author: Cortš, Darwin
Other Authors: Posso, Christian, Villamizar Villegas, Mauricio
Format: eBook
Language:Spanish
Published: Bogot:̀ Universidad del Rosario, 2022
Subjects:
Online Access:Acceso restringido

MARC

LEADER 00000nam a22000007a 4500
005 20220825205931.0
007 cr|||| ||||
008 220825s2022 co |||||s|||| 00||0 spa d
020 |a 978-958-784-849-6 
035 |a 36937 
040 |a vLex 
090 |c 13833  |d 13833 
100 1 |a Cortš, Darwin 
245 1 0 |a Covid-19: consecuencias y desafo̕s en la economa̕ colombiana  |h [Recurso electrn̤ico] :  |b Una mirada desde las universidades /  |c Darwin Cortš, Christian Posso, Mauricio Villamizar Villegas 
256 |a Servicio en ln̕ea 
260 |a Bogot:̀  |b Universidad del Rosario,  |c 2022 
300 |a 1 recurso electrn̤ico 
506 1 |a Disponible solo en los productos indicados  |d vLex Global  |d vLex Global (Academic Edition, excluding Law Schools)  |d vLex Global (U.S. Academic Edition, Law Schools)  |d vLex Global (U.S. Academic Edition, excluding Law Schools)  |d vLex Global (Academic Edition, Law Schools) 
650 0 4 |a Derecho Comunitario  |z Colombia 
700 1 |a Posso, Christian 
700 1 |a Villamizar Villegas, Mauricio 
740 0 |a vLex Libros (Servicio en ln̕ea) 
856 4 0 |u https://app.vlex.com/#/sources/36937  |z Acceso restringido 
942 |c BOOK 
999 0 |a Community Law